LEADER 02957nam 22005295 450 001 996418265003316 005 20200629164056.0 010 $a3-030-38219-2 024 7 $a10.1007/978-3-030-38219-3 035 $a(CKB)4100000010480386 035 $a(DE-He213)978-3-030-38219-3 035 $a(MiAaPQ)EBC6122069 035 $a(Au-PeEL)EBL6122069 035 $a(OCoLC)1142329072 035 $a(PPN)242980899 035 $a(EXLCZ)994100000010480386 100 $a20200225d2020 u| 0 101 0 $aeng 135 $aurnn|008mamaa 181 $ctxt$2rdacontent 182 $cc$2rdamedia 183 $acr$2rdacarrier 200 10$aReal and Functional Analysis$b[electronic resource] /$fby Vladimir I. Bogachev, Oleg G. Smolyanov 205 $a1st ed. 2020. 210 1$aCham :$cSpringer International Publishing :$cImprint: Springer,$d2020. 215 $a1 online resource (XVI, 586 p.) 225 1 $aMoscow Lectures,$x2522-0314 ;$v4 311 $a3-030-38218-4 327 $aMetric and Topological Spaces -- Fundamentals of Measure Theory -- The Lebesgue Integral -- Connections between the Integral and Derivative -- Normed and Euclidean Spaces -- Linear Operators and Functionals -- Spectral Theory -- Locally Convex Spaces and Distributions -- The Fourier Transform and Sobolev Spaces -- Unbounded Operators and Operator Semigroups -- Banach Algebras -- Infinite-Dimensional Analysis. 330 $aThis book is based on lectures given at "Mekhmat", the Department of Mechanics and Mathematics at Moscow State University, one of the top mathematical departments worldwide, with a rich tradition of teaching functional analysis. Featuring an advanced course on real and functional analysis, the book presents not only core material traditionally included in university courses of different levels, but also a survey of the most important results of a more subtle nature, which cannot be considered basic but which are useful for applications. Further, it includes several hundred exercises of varying difficulty with tips and references. The book is intended for graduate and PhD students studying real and functional analysis as well as mathematicians and physicists whose research is related to functional analysis. 410 0$aMoscow Lectures,$x2522-0314 ;$v4 606 $aMathematical analysis 606 $aAnalysis (Mathematics) 606 $aAnalysis$3https://scigraph.springernature.com/ontologies/product-market-codes/M12007 615 0$aMathematical analysis. 615 0$aAnalysis (Mathematics). 615 14$aAnalysis. 676 $a515 700 $aBogachev$b Vladimir I$4aut$4http://id.loc.gov/vocabulary/relators/aut$062159 702 $aSmolyanov$b Oleg G$4aut$4http://id.loc.gov/vocabulary/relators/aut 801 0$bMiAaPQ 801 1$bMiAaPQ 801 2$bMiAaPQ 906 $aBOOK 912 $a996418265003316 996 $aReal and Functional Analysis$92547725 997 $aUNISA LEADER 02776nam 2200601 a 450 001 9910781762203321 005 20230213212147.0 010 $a1-283-23439-4 010 $a9786613234391 010 $a90-272-8251-X 035 $a(CKB)2550000000045695 035 $a(EBL)744205 035 $a(OCoLC)745866913 035 $a(SSID)ssj0000643419 035 $a(PQKBManifestationID)11386620 035 $a(PQKBTitleCode)TC0000643419 035 $a(PQKBWorkID)10653252 035 $a(PQKB)10260259 035 $a(MiAaPQ)EBC744205 035 $a(Au-PeEL)EBL744205 035 $a(CaPaEBR)ebr10492673 035 $a(EXLCZ)992550000000045695 100 $a19830315d1982 uy 0 101 0 $ager 135 $aur|n|---||||| 181 $ctxt 182 $cc 183 $acr 200 10$aAugenkommunikation$b[electronic resource] $eMethodenreflexion und Beispielanalyse /$fKonrad Ehlich & Jochen Rehbein 210 $aAmsterdam $cJohn Benjamins B. V.$d1982 215 $a1 online resource (158 p.) 225 1 $aLinguistik aktuell (LA),$x0166-0829 ;$vBd. 2 300 $aDescription based upon print version of record. 311 $a90-272-2722-5 320 $aIncludes bibliographical references (p. [143]-150). 327 $aAUGENKOMMUNIKATION Methodenreflexion und Beispielanalyse; Editorial page; Title page; Copyright page; Table of contents; 0. EINLEITUNG; 1. ZUR SYSTEMATIK DER NONVERBALEN KOMMUNIKATION; 2. EINIGE GRUNDBEGRIFFE DER ANALYSE; 3. DAS BEWEGUNGSPOTENTIAL DES AUGES; 4. ZUM SYSTEMATISCHEN STELLENWERT VON AUSDRUCKSREPERTOIRES; 5. ZUM AUSDRUCKSREPERTOIRE DES AUGES; 6. DELIBERATIVESWEGBLICKEN (EINE AUSDRUCKSEINHEIT); 7. VERWENDUNGEN DES DELIBERATIVEN WEGBLICKENS AM BEISPIEL DER INSTITUTION SCHULE; 8. AUSBLICK 327 $a9. ANHANG: Erweiterte halbinterpretative Arbeitstranskriptionen (HIAT 2): Nonverbale KommunikationLITERATUR 330 $aThe book sketches a systematics of non-verbal communication. It contains the following separate chapters: movement potential and expression repertoire; clinical literature on the eye's movement potential; eye movement viewed from the perspective of communicative action; eye communication as part of non-verbal communication; detailed analysis of deliberate avoiding the addressee's eye focus. 410 0$aLinguistik aktuell ;$vBd. 2. 606 $aBody language 606 $aGaze$xPsychological aspects 615 0$aBody language. 615 0$aGaze$xPsychological aspects. 676 $a153.6 700 $aEhlich$b Konrad$f1942-$0731615 701 $aRehbein$b Jochen$01488758 801 0$bMiAaPQ 801 1$bMiAaPQ 801 2$bMiAaPQ 906 $aBOOK 912 $a9910781762203321 996 $aAugenkommunikation$93741158 997 $aUNINA